沉月之鑰 第二部 . 護印 . 卷八

資料類型: Book 圖書   書目號:52887

Leader xxxxxxxxxx
001 __ 102575/2/01
005 __ 20190417142259.372
010 0_ |a978-986-95725-3-8|b第8冊 : 平裝|d新臺幣229元
042 __ |anbim
100 __ |a20190417d2018    m  y0chiy50      e
101 0_ |achi
102 __ |atw
105 __ |aa   z   000ay
200 1_ |a沉月之鑰 第二部|e|h卷八|i護印|f水泉著|g竹官@CIMIX封面、內頁繪
205 __ |a初版
210 __ |a臺北市|c天使出版國際文化|d2018[民107]
215 0_ |a251面|c|d21公分
225 12 |a水泉作品|v36
300 __ |a
517 1_ |a護印|zchi
606 __ |2cst|a小說
700 _0 |a水泉|b|4702 _0 |a竹官@CIMIX|b|4繪圖
681 __ |a857.7|b889 v.8
801 _0 |atw|bLibDipper|c20190417|gCCR
  
詳細館藏(共 1 筆)
索 書 號登 錄 號冊次號館別 / 館藏地流通類型狀態加入預約清單電子資源
857.7 / 889 1025752 v.8 圖書館 / 一樓輕小說專區 可外借30天 在館   

| 條列資料




目錄查詢 分類查詢 個人資料 圖書薦購 新書查詢 閉館日 排行榜 更多電子資源 Hami書城 線上資料庫 登出

From : 216.73.217.87

  本日流通累計至 10:54:53 借閱 : 12 次 續借 : 0 次 歸還 : 9 次 預約 : 0 次 電子資源 : 0 次


內湖高中圖書館  PCLIS 版本  26.5.0.12